[Event "Munich-ch MK"]
[Site "Munich"]
[Date "2006.01.21"]
[Round "2"]
[White "Urankar, Hans Peter"]
[Black "Miskevicer, Boris"]
[Result "1-0"]
[WhiteElo "2230"]
[BlackElo "2251"]
[PlyCount "82"]
[EventDate "2006.01.20"]
[EventType "tourn"]
[EventRounds "11"]
[EventCountry "GER"]
[SourceTitle "EXT 2007"]
[Source "ChessBase"]
[SourceDate "2006.11.23"]
[SourceVersion "1"]
[SourceVersionDate "2006.11.23"]
[SourceQuality "1"]

1. d4 Nf6 2. Bf4 c5 3. e3 e6 4. c3 Nc6 5. Nf3 Be7 6. h3 0-0 7. Nbd2 d5 8. Bd3 Nd7 9. Qc2 f5 10. g4 Nf6 11. gxf5 c4 12. Be2 exf5 13. b3 b5 14. a4 cxb3 15. Qxb3 bxa4 16. Rxa4 Bd7 17. Ra6 Kh8 18. Ne5 Nxe5 19. dxe5 Ne8 20. Qa2 Nc7 21. Ra5 a6 22. Nb3 Nb5 23. Qa1 Rc8 24. Rxa6 Nxc3 25. Bd3 Ne4 26. 0-0 Bb4 27. e6 Be8 28. Qd4 Bc3 29. Qa7 Qh4 30. e7 Rg8 31. Kg2 g5 32. Bg3 Qh5 33. Qb7 Bf7 34. Bxe4 dxe4 35. Bd6 Qf3+ 36. Kh2 Bc4 37. Nd4 Bxd4 38. exd4 Rce8 39. Be5+ Rg7 40. Ra8 Qh5 41. Rxe8+ Qxe8 1-0